[Event "34. Torneo Internacional La Roda"]
[Site "La Roda ESP"]
[Date "2007.04.04"]
[Round "1.1"]
[White "Cabrera Galeano, Oscar"]
[Black "Khamrakulov, Ibragim S"]
[Result "0-1"]
[WhiteElo "2015"]
[BlackElo "2545"]
[PlyCount "52"]
[EventDate "2007.04.04"]
[EventType "swiss"]
[EventRounds "9"]
[EventCountry "ESP"]
[Source "lmi"]
[SourceDate "2007.04.04"]

1. e4 c5 2. Nf3 a6 3. d4 cxd4 4. Nxd4 Nf6 5. Nc3 e5 6. Nde2 Bc5 7. Ng3 d6 8.
Be2 O-O 9. O-O Nc6 10. Nd5 Nxd5 11. exd5 Ne7 12. Kh1 f5 13. c4 Bd7 14. Be3 Qc7
15. Bxc5 Qxc5 16. f4 exf4 17. Rxf4 Ng6 18. Rf1 Rae8 19. Bd3 Re5 20. Qc2 b5 21.
b3 bxc4 22. bxc4 Qd4 23. Rad1 Qg4 24. Rd2 f4 25. Ne4 f3 26. g3 Rh5 0-1

[Event "34. Torneo Internacional La Roda"]
[Site "La Roda ESP"]
[Date "2007.04.04"]
[Round "1.2"]
[White "Hernandez Carmenates, Holden"]
[Black "Vieito Soria, Luis Maria"]
[Result "1-0"]
[WhiteElo "2541"]
[BlackElo "2008"]
[PlyCount "59"]
[EventDate "2007.04.04"]
[EventType "swiss"]
[EventRounds "9"]
[EventCountry "ESP"]
[Source "lmi"]
[SourceDate "2007.04.04"]

1. d4 Nf6 2. c4 e6 3. Nc3 Bb4 4. f3 d5 5. a3 Bxc3+ 6. bxc3 c5 7. cxd5 exd5 8.
e3 Nc6 9. Bd3 c4 10. Bc2 O-O 11. Ne2 Re8 12. O-O b5 13. Qe1 a6 14. Qh4 Ne7 15.
Qf2 Bf5 16. Ng3 Bxc2 17. Qxc2 Ng6 18. e4 h6 19. e5 Nh7 20. f4 Ra7 21. f5 Nh8
22. Qe2 Qb6 23. Qg4 Rxe5 24. Bxh6 Qxh6 25. dxe5 Qe3+ 26. Kh1 Qxe5 27. Rae1 Qxc3
28. Re8+ Nf8 29. f6 Nhg6 30. Rxf8+ 1-0

[Event "34. Torneo Internacional La Roda"]
[Site "La Roda ESP"]
[Date "2007.04.04"]
[Round "1.3"]
[White "Rodriguez Ferrer, Pablo"]
[Black "Suba, Mihai"]
[Result "0-1"]
[WhiteElo "2004"]
[BlackElo "2537"]
[PlyCount "94"]
[EventDate "2007.04.04"]
[EventType "swiss"]
[EventRounds "9"]
[EventCountry "ESP"]
[Source "lmi"]
[SourceDate "2007.04.04"]

1. e4 c5 2. Nc3 e6 3. g3 d5 4. d3 Nf6 5. Bg2 dxe4 6. dxe4 Qxd1+ 7. Nxd1 Nc6 8.
Ne2 Nd7 9. O-O b6 10. f4 Ba6 11. Re1 O-O-O 12. a3 Be7 13. Ndc3 Nd4 14. Nxd4
cxd4 15. Ne2 Nc5 16. b4 d3 17. cxd3 Nxd3 18. Rd1 Kb8 19. Bf3 Bb7 20. Bg2 g5 21.
Be3 gxf4 22. Bd4 e5 23. Rxd3 exd4 24. gxf4 Rhg8 25. Ng3 h5 26. Re1 Bh4 27. Red1
Bxg3 28. hxg3 h4 29. Kf2 hxg3+ 30. Rxg3 Rxg3 31. Kxg3 f5 32. exf5 Rg8+ 33. Kh4
Bxg2 34. Rxd4 Kc7 35. f6 Rg6 36. f7 Rf6 37. Kg5 Rxf7 38. f5 Rd7 39. Rc4+ Kd6
40. a4 Bd5 41. Rc1 Rg7+ 42. Kf4 Re7 43. Kg5 Re2 44. Rc8 Rg2+ 45. Kf4 Rf2+ 46.
Kg5 Rxf5+ 47. Kg4 Be6 0-1

[Event "34. Torneo Internacional La Roda"]
[Site "La Roda ESP"]
[Date "2007.04.04"]
[Round "1.4"]
[White "Mirzoev, Azer"]
[Black "Maza Broto, Pablo"]
[Result "1-0"]
[WhiteElo "2535"]
[BlackElo "1995"]
[PlyCount "53"]
[EventDate "2007.04.04"]
[EventType "swiss"]
[EventRounds "9"]
[EventCountry "ESP"]
[Source "lmi"]
[SourceDate "2007.04.04"]

1. d4 e6 2. c4 Nf6 3. Nc3 Bb4 4. Qc2 h6 5. a3 Bxc3+ 6. Qxc3 b6 7. f3 d5 8. cxd5
exd5 9. Bf4 c6 10. e3 Bb7 11. Bd3 Qe7 12. Ne2 Nbd7 13. O-O O-O 14. Ng3 c5 15.
Nf5 Qe6 16. Nd6 Bc6 17. Bf5 Qe7 18. b4 Nh5 19. dxc5 Nxf4 20. exf4 bxc5 21. bxc5
Rab8 22. Rfe1 Qf6 23. Qxf6 gxf6 24. Bxd7 Bxd7 25. Re7 Bb5 26. Rxa7 d4 27. Rd1
1-0

[Event "34. Torneo Internacional La Roda"]
[Site "La Roda ESP"]
[Date "2007.04.04"]
[Round "1.6"]
[White "Lalic, Bogdan"]
[Black "Lopez Quevedo, Eduardo"]
[Result "1-0"]
[WhiteElo "2519"]
[BlackElo "1975"]
[PlyCount "51"]
[EventDate "2007.04.04"]
[EventType "swiss"]
[EventRounds "9"]
[EventCountry "ESP"]
[Source "lmi"]
[SourceDate "2007.04.04"]

1. c4 e6 2. Nf3 d5 3. g3 Nf6 4. Bg2 dxc4 5. Qa4+ Bd7 6. Qxc4 Bc6 7. O-O Nbd7 8.
Qc2 Bd5 9. Nc3 c5 10. e4 Bc6 11. d4 Be7 12. Rd1 cxd4 13. Nxd4 O-O 14. Qe2 Qc7
15. Be3 Rfd8 16. Rac1 a6 17. Nd5 exd5 18. exd5 Nxd5 19. Nxc6 bxc6 20. Bxd5 Nb8
21. Bf4 Qb7 22. Bb3 Rxd1+ 23. Rxd1 h6 24. Rd8+ Bxd8 25. Qe8+ Kh7 26. Bxf7 1-0

[Event "34. Torneo Internacional La Roda"]
[Site "La Roda ESP"]
[Date "2007.04.04"]
[Round "1.7"]
[White "Rodrigo Yanguas, Maria"]
[Black "Velicka, Petr"]
[Result "0-1"]
[WhiteElo "1969"]
[BlackElo "2504"]
[PlyCount "74"]
[EventDate "2007.04.04"]
[EventType "swiss"]
[EventRounds "9"]
[EventCountry "ESP"]
[Source "lmi"]
[SourceDate "2007.04.04"]

1. e4 Nf6 2. e5 Nd5 3. d4 d6 4. c4 Nb6 5. exd6 cxd6 6. Be3 g6 7. Bd3 Bg7 8. Ne2
O-O 9. Nd2 e5 10. Qb3 N6d7 11. Ne4 exd4 12. Nxd4 Nc5 13. Nxc5 dxc5 14. Nf3 Qa5+
15. Nd2 Nc6 16. O-O Rd8 17. Nf3 Qb4 18. Qxb4 cxb4 19. Be4 Be6 20. b3 Bxa1 21.
Rxa1 f6 22. Re1 Kf7 23. Bc5 a5 24. h4 Rd7 25. h5 Re8 26. Kf1 Kg7 27. Bb6 Bg4
28. hxg6 hxg6 29. Nh2 Rd1 30. Rxd1 Bxd1 31. f3 a4 32. bxa4 Bxa4 33. Bc5 b3 34.
axb3 Bxb3 35. Kf2 Bxc4 36. Nf1 f5 37. Bc2 Re2+ 0-1

[Event "34. Torneo Internacional La Roda"]
[Site "La Roda ESP"]
[Date "2007.04.04"]
[Round "1.8"]
[White "Radulski, Julian"]
[Black "Garcia Roman, Jose Luis Machado"]
[Result "1-0"]
[WhiteElo "2485"]
[BlackElo "1968"]
[PlyCount "71"]
[EventDate "2007.04.04"]
[EventType "swiss"]
[EventRounds "9"]
[EventCountry "ESP"]
[Source "lmi"]
[SourceDate "2007.04.04"]

1. e4 e5 2. Nf3 Nc6 3. Bb5 a6 4. Ba4 Nf6 5. O-O b5 6. Bb3 Be7 7. d4 d6 8. c3
O-O 9. Re1 Bg4 10. Be3 exd4 11. cxd4 Na5 12. Bc2 c5 13. Nbd2 cxd4 14. Bxd4 Nc6
15. Be3 Ne5 16. h3 Bh5 17. g4 Nxf3+ 18. Nxf3 Bg6 19. Nd4 Rc8 20. Nf5 Bxf5 21.
exf5 h6 22. a4 b4 23. a5 Nd5 24. Qxd5 Rxc2 25. Bb6 Rc7 26. Bxc7 Qxc7 27. Rac1
Qa7 28. Re2 Rd8 29. Rc4 Bf6 30. Rxb4 Qc5 31. Qxc5 dxc5 32. Rb6 Rd1+ 33. Kg2 Rb1
34. Rxa6 Rxb2 35. Rxb2 Bxb2 36. Rc6 1-0

[Event "34. Torneo Internacional La Roda"]
[Site "La Roda ESP"]
[Date "2007.04.04"]
[Round "1.10"]
[White "Borges Mateos, Juan"]
[Black "Del Valle Millan, David"]
[Result "1-0"]
[WhiteElo "2482"]
[BlackElo "1953"]
[PlyCount "85"]
[EventDate "2007.04.04"]
[EventType "swiss"]
[EventRounds "9"]
[EventCountry "ESP"]
[Source "lmi"]
[SourceDate "2007.04.04"]

1. d4 d5 2. c4 e6 3. Nc3 Nf6 4. Nf3 Nbd7 5. cxd5 exd5 6. Bf4 Bb4 7. Qb3 c5 8.
e3 Qa5 9. a3 Ne4 10. dxc5 Bxc3+ 11. bxc3 Nxc3 12. Qb4 Qxc5 13. Qxc5 Nxc5 14.
Be5 N3e4 15. Bxg7 Rg8 16. Be5 Bd7 17. Nd4 f6 18. Bg3 Ke7 19. f3 Nc3 20. Rc1
N5a4 21. Bd3 h5 22. Kf2 b5 23. Rhe1 Rgc8 24. Bg6 Nb2 25. Kg1 a5 26. Rc2 Nca4
27. e4 Rxc2 28. exd5+ Kf8 29. Bxc2 Rc8 30. Bd6+ Kg8 31. Bf5 Re8 32. Rxe8+ Bxe8
33. Be6+ Bf7 34. Nxb5 Nc4 35. Be7 Nab6 36. Nc3 Ne3 37. Bd8 Nec4 38. Kf2 Kg7 39.
Ke2 Kg6 40. Kd3 Ne5+ 41. Kd4 Nbc4 42. Bxf7+ Kxf7 43. f4 1-0

[Event "34. Torneo Internacional La Roda"]
[Site "La Roda ESP"]
[Date "2007.04.04"]
[Round "1.11"]
[White "Cruz Lledo, Pablo"]
[Black "Krivoshey, Sergei"]
[Result "0-1"]
[WhiteElo "1944"]
[BlackElo "2475"]
[PlyCount "94"]
[EventDate "2007.04.04"]
[EventType "swiss"]
[EventRounds "9"]
[EventCountry "ESP"]
[Source "lmi"]
[SourceDate "2007.04.04"]

1. d4 d5 2. c4 c6 3. Nf3 Nf6 4. e3 Bg4 5. Nbd2 e6 6. Qc2 Nbd7 7. Bd3 Bd6 8. b3
O-O 9. Bb2 Qb8 10. O-O Re8 11. Rfe1 e5 12. dxe5 Nxe5 13. Nxe5 Bxe5 14. Bxe5
Qxe5 15. cxd5 Qxd5 16. Bc4 Qg5 17. f3 Be6 18. e4 Qc5+ 19. Kh1 Rad8 20. Rac1
Bxc4 21. Nxc4 Rd4 22. Qf2 Rdxe4 23. Qxc5 Rxe1+ 24. Rxe1 Rxe1+ 25. Qg1 Rxg1+ 26.
Kxg1 Ne8 27. Kf2 Kf8 28. Ke3 Ke7 29. Kd4 Nd6 30. Ne3 b6 31. a4 Ke6 32. b4 Nf5+
33. Nxf5 Kxf5 34. b5 c5+ 35. Kd5 Kf4 36. a5 bxa5 37. Kxc5 Ke5 38. f4+ Kxf4 39.
Kc4 Ke5 40. Kb3 Kd4 41. Ka4 f5 42. Kxa5 g5 43. Ka6 Kc5 44. Kxa7 Kxb5 45. h3 f4
46. Kb7 h5 47. Kc7 g4 0-1

[Event "34. Torneo Internacional La Roda"]
[Site "La Roda ESP"]
[Date "2007.04.04"]
[Round "1.12"]
[White "Castellanos, Renier"]
[Black "Jordan Martinez, Miguel"]
[Result "1-0"]
[WhiteElo "2471"]
[BlackElo "1942"]
[PlyCount "67"]
[EventDate "2007.04.04"]
[EventType "swiss"]
[EventRounds "9"]
[EventCountry "ESP"]
[Source "lmi"]
[SourceDate "2007.04.04"]

1. e4 e6 2. d4 d5 3. Nc3 Nf6 4. Bg5 dxe4 5. Nxe4 Be7 6. Bxf6 Bxf6 7. Nf3 Bd7 8.
Bd3 Bc6 9. c3 Nd7 10. Qc2 Qe7 11. O-O-O O-O-O 12. Rhe1 Nb6 13. Kb1 h6 14. Nfd2
Nd5 15. g3 b6 16. Ba6+ Kb8 17. Nb3 Ba4 18. Qe2 Qd7 19. Bd3 Rhe8 20. f4 Be7 21.
Ned2 Nf6 22. Nf3 Bd6 23. Bc2 c6 24. Nc1 Bb5 25. Bd3 Bxd3+ 26. Nxd3 Qc7 27. c4
c5 28. dxc5 Bxc5 29. Nxc5 Qxc5 30. Ne5 Qc7 31. Qf3 Rxd1+ 32. Rxd1 Rc8 33. a3
Ne8 34. Nd7+ 1-0

[Event "34. Torneo Internacional La Roda"]
[Site "La Roda ESP"]
[Date "2007.04.04"]
[Round "1.13"]
[White "Picazo Lopez, Ignacio"]
[Black "Pogorelov, Ruslan"]
[Result "0-1"]
[WhiteElo "1941"]
[BlackElo "2462"]
[PlyCount "66"]
[EventDate "2007.04.04"]
[EventType "swiss"]
[EventRounds "9"]
[EventCountry "ESP"]
[Source "lmi"]
[SourceDate "2007.04.04"]

1. e4 c5 2. Nf3 Nc6 3. d4 cxd4 4. Nxd4 Qc7 5. Nc3 e6 6. Be3 a6 7. g3 Nf6 8. Bg2
Ne5 9. Bf4 d6 10. O-O Be7 11. Bc1 Bd7 12. f4 Nc6 13. Be3 O-O 14. Kh1 Rfd8 15.
g4 Nxd4 16. Bxd4 e5 17. fxe5 dxe5 18. g5 exd4 19. gxf6 dxc3 20. fxe7 Re8 21.
bxc3 Rxe7 22. Qd2 Bc6 23. Rae1 Rd8 24. Qg5 h6 25. Qg4 Rd2 26. Re2 Rxe2 27. Qxe2
Bb5 28. Qf3 Bxf1 29. Bxf1 Qe5 30. Bd3 Qxc3 31. Kg2 Qd2+ 32. Kh1 Re6 33. Qg3
Qd1+ 0-1

[Event "34. Torneo Internacional La Roda"]
[Site "La Roda ESP"]
[Date "2007.04.04"]
[Round "1.14"]
[White "Koziak, Vitali"]
[Black "Sarabia Utrilla, Joaquin"]
[Result "1-0"]
[WhiteElo "2461"]
[BlackElo "1939"]
[PlyCount "49"]
[EventDate "2007.04.04"]
[EventType "swiss"]
[EventRounds "9"]
[EventCountry "ESP"]
[Source "lmi"]
[SourceDate "2007.04.04"]

1. Nf3 d5 2. c4 d4 3. b4 b6 4. Bb2 c5 5. e3 Bg4 6. exd4 cxd4 7. Bxd4 Qxd4 8.
Nxd4 Bxd1 9. Kxd1 e5 10. Nb5 Na6 11. a3 Nf6 12. N1c3 g6 13. Kc2 Be7 14. g3 O-O
15. Bg2 Rac8 16. Bb7 Nxb4+ 17. axb4 Rxc4 18. Rxa7 Bxb4 19. Kb3 Rd4 20. Nxd4
Bxc3 21. dxc3 exd4 22. cxd4 Rd8 23. Rd1 Kg7 24. Kc4 Ng4 25. Bd5 1-0

[Event "34. Torneo Internacional La Roda"]
[Site "La Roda ESP"]
[Date "2007.04.04"]
[Round "1.15"]
[White "Martinez Rubi, Alberto"]
[Black "Petkov, Vladimir"]
[Result "0-1"]
[WhiteElo "1928"]
[BlackElo "2456"]
[PlyCount "74"]
[EventDate "2007.04.04"]
[EventType "swiss"]
[EventRounds "9"]
[EventCountry "ESP"]
[Source "lmi"]
[SourceDate "2007.04.04"]

1. e4 e5 2. Nf3 Nc6 3. Bb5 Nf6 4. O-O Nxe4 5. Re1 Nd6 6. Ba4 Be7 7. Nxe5 Nxe5
8. Rxe5 O-O 9. d4 Nc4 10. Re1 d5 11. Bb3 Bd6 12. Bxc4 dxc4 13. Nd2 Qh4 14. Nf3
Qh5 15. Ne5 Qxd1 16. Rxd1 Be6 17. h3 Rfe8 18. b3 b5 19. bxc4 bxc4 20. c3 Rab8
21. Be3 Rb2 22. Ng4 Bd5 23. Bc1 Rb5 24. Ne3 c6 25. Nf5 Bf8 26. Bf4 Re2 27. Re1
Rxe1+ 28. Rxe1 Be6 29. Nd6 Rb2 30. Nxc4 Bxc4 31. Re8 Re2 32. Ra8 Re6 33. Rxa7
h6 34. a4 g5 35. Be3 f5 36. g3 Bd6 37. Ra8+ Kf7 0-1

[Event "34. Torneo Internacional La Roda"]
[Site "La Roda ESP"]
[Date "2007.04.04"]
[Round "1.16"]
[White "Mateo, Ramon"]
[Black "Nieto Lopez, Francisco Ramon"]
[Result "1-0"]
[WhiteElo "2448"]
[BlackElo "1925"]
[PlyCount "77"]
[EventDate "2007.04.04"]
[EventType "swiss"]
[EventRounds "9"]
[EventCountry "ESP"]
[Source "lmi"]
[SourceDate "2007.04.04"]

1. e4 c5 2. Nf3 d6 3. d4 cxd4 4. Nxd4 Nf6 5. Nc3 a6 6. g3 e5 7. Nb3 Be6 8. Bg2
Nbd7 9. O-O Rc8 10. Re1 Qc7 11. Nd2 b5 12. a3 Be7 13. Nf1 h6 14. Ne3 O-O 15. h3
Nb6 16. g4 Rfd8 17. Ncd5 Bxd5 18. exd5 Bf8 19. h4 g6 20. h5 g5 21. b3 Qb7 22.
Bd2 Re8 23. Ba5 Nbd7 24. c4 bxc4 25. bxc4 Rb8 26. Bb4 Qc7 27. Qa4 Ra8 28. Qc6
Ra7 29. Rab1 Nb8 30. Qxc7 Rxc7 31. f3 Nfd7 32. Bf1 Nc5 33. Bxc5 Rxc5 34. Rb7
Rcc8 35. Bd3 Re7 36. Reb1 Rxb7 37. Rxb7 Rd8 38. Bf5 Kg7 39. Be6 1-0

[Event "34. Torneo Internacional La Roda"]
[Site "La Roda ESP"]
[Date "2007.04.04"]
[Round "1.17"]
[White "Gonzalez Lopez, Julian"]
[Black "Fernandez Romero, Ernesto"]
[Result "0-1"]
[WhiteElo "1925"]
[BlackElo "2437"]
[PlyCount "78"]
[EventDate "2007.04.04"]
[EventType "swiss"]
[EventRounds "9"]
[EventCountry "ESP"]
[Source "lmi"]
[SourceDate "2007.04.04"]

1. d4 Nf6 2. c4 d6 3. Nc3 e5 4. dxe5 dxe5 5. Qxd8+ Kxd8 6. Nf3 Nfd7 7. a3 a5 8.
e4 c6 9. Be3 f6 10. Be2 Na6 11. O-O Kc7 12. Rfd1 Bc5 13. Bxc5 Ndxc5 14. b4 Ne6
15. Rab1 g5 16. h3 h5 17. g3 g4 18. hxg4 hxg4 19. Nh2 Nd4 20. f4 Rh3 21. Nf1
axb4 22. axb4 Nxb4 23. Rxb4 Ra3 24. Rxd4 exd4 25. Nb1 Ra2 26. Bd1 c5 27. Rb3
Bd7 28. Ra3 Rb2 29. Rb3 Rxb3 30. Bxb3 Kb6 31. Kf2 Ka5 32. Bd1 b5 33. cxb5 c4
34. Ke2 Bxb5 35. Na3 Ba6 36. Nd2 Kb4 37. Nc2+ Kc5 38. Ke1 Rh1+ 39. Nf1 c3 0-1

[Event "34. Torneo Internacional La Roda"]
[Site "La Roda ESP"]
[Date "2007.04.04"]
[Round "1.18"]
[White "Bellon Lopez, Juan Manuel"]
[Black "Gil Quilez, David"]
[Result "1-0"]
[WhiteElo "2425"]
[BlackElo "1923"]
[PlyCount "75"]
[EventDate "2007.04.04"]
[EventType "swiss"]
[EventRounds "9"]
[EventCountry "ESP"]
[Source "lmi"]
[SourceDate "2007.04.04"]

1. d4 f5 2. g3 Nf6 3. Bg2 e6 4. Nf3 Be7 5. O-O O-O 6. b3 d5 7. Ba3 Nbd7 8. Ng5
Nb6 9. Qc1 h6 10. Nf3 c6 11. Ne5 Kh7 12. c4 Nbd7 13. Nd3 g5 14. Nc3 b6 15. cxd5
cxd5 16. Bxe7 Qxe7 17. Qe3 Ng4 18. Qd2 Bb7 19. Rac1 Rac8 20. Rc2 Nb8 21. f3 Nf6
22. Rfc1 Nc6 23. Qe3 Rfe8 24. Bh3 Kg7 25. Nb5 Kh7 26. Ne5 Nxe5 27. Qxe5 Nd7 28.
Bxf5+ exf5 29. Qxe7+ Rxe7 30. Rxc8 Bxc8 31. Rxc8 Rxe2 32. Rc7 Re7 33. Nxa7 Rg7
34. a4 Kg6 35. b4 Kf6 36. Rc6+ Ke7 37. Nc8+ Kd8 38. Nxb6 1-0

[Event "34. Torneo Internacional La Roda"]
[Site "La Roda ESP"]
[Date "2007.04.04"]
[Round "1.20"]
[White "Kozakov, Mikhail"]
[Black "Almagro Guardia, Elena"]
[Result "1/2-1/2"]
[WhiteElo "2415"]
[BlackElo "1888"]
[PlyCount "138"]
[EventDate "2007.04.04"]
[EventType "swiss"]
[EventRounds "9"]
[EventCountry "ESP"]
[Source "lmi"]
[SourceDate "2007.04.04"]

1. e4 c5 2. Nf3 Nc6 3. d4 cxd4 4. Nxd4 Nf6 5. Nc3 e5 6. Ndb5 d6 7. Bg5 a6 8.
Na3 b5 9. Bxf6 gxf6 10. Nd5 f5 11. g3 fxe4 12. Bg2 Bg7 13. Bxe4 Be6 14. Qh5 Rc8
15. c3 Ne7 16. Rd1 Rc5 17. Nb4 Qb6 18. Qg5 Ng6 19. h4 h6 20. Qe3 f5 21. Bf3 e4
22. Bh5 Bf7 23. Bxg6 Bxg6 24. Nd5 Qc6 25. Nf4 Bf7 26. Nc2 O-O 27. O-O a5 28.
Nd4 Qc8 29. Nb3 Bxb3 30. axb3 Rd8 31. Rd2 Kh7 32. Ra1 b4 33. cxb4 Rc1+ 34. Rxc1
Qxc1+ 35. Kg2 axb4 36. Ne6 Ra8 37. Rxd6 Qxe3 38. fxe3 Bxb2 39. Rd7+ Kh8 40. g4
fxg4 41. Kg3 Bc1 42. Kf4 Rc8 43. Kxe4 g3 44. Nf4 Re8+ 45. Kf5 Bxe3 46. Ng2 Bf2
47. Rb7 Be1 48. Kg4 Bc3 49. Kxg3 Re4 50. Kf3 Rd4 51. Nf4 Be1 52. h5 Kg8 53. Ke3
Bf2+ 54. Kf3 Be1 55. Rb6 Kh7 56. Rb7+ Kg8 57. Re7 Bd2 58. Re4 Rd6 59. Ng6 Rf6+
60. Kg4 Rf1 61. Re2 Bc3 62. Ne7+ Kh7 63. Nf5 Rb1 64. Re7+ Kh8 65. Nxh6 Rxb3 66.
Nf7+ Kg8 67. h6 Bd2 68. Ng5 Bxg5 69. Kxg5 Rg3+ 1/2-1/2

[Event "34. Torneo Internacional La Roda"]
[Site "La Roda ESP"]
[Date "2007.04.05"]
[Round "2.2"]
[White "Picazo Lopez, Juan Antonio"]
[Black "Hernandez Carmenates, Holden"]
[Result "1-0"]
[WhiteElo "2222"]
[BlackElo "2541"]
[PlyCount "59"]
[EventDate "2007.04.04"]
[EventType "swiss"]
[EventRounds "9"]
[EventCountry "ESP"]
[Source "lmi"]
[SourceDate "2007.04.04"]

1. d4 Nf6 2. c4 e6 3. Nc3 Bb4 4. e3 O-O 5. Bd3 c5 6. a3 Bxc3+ 7. bxc3 Nc6 8.
Ne2 b6 9. O-O Ba6 10. e4 Ne8 11. f4 f5 12. Be3 d6 13. Ng3 g6 14. d5 Na5 15.
dxe6 Ng7 16. exf5 gxf5 17. Nxf5 Nxf5 18. Bxf5 Qf6 19. Be4 Nxc4 20. Qh5 Qe7 21.
Rf3 Rae8 22. Rh3 Rf6 23. Bxh7+ Kf8 24. Bg6 Qg7 25. Bxe8 Rxe6 26. Qf5+ Rf6 27.
Qd7 d5 28. f5 Qxd7 29. Bxd7 Rd6 30. Bh6+ 1-0

[Event "34. Torneo Internacional La Roda"]
[Site "La Roda ESP"]
[Date "2007.04.05"]
[Round "2.3"]
[White "Suba, Mihai"]
[Black "Aymerich Rosell, Pablo"]
[Result "1-0"]
[WhiteElo "2537"]
[BlackElo "2208"]
[PlyCount "102"]
[EventDate "2007.04.04"]
[EventType "swiss"]
[EventRounds "9"]
[EventCountry "ESP"]
[Source "lmi"]
[SourceDate "2007.04.04"]

1. Nf3 d5 2. c4 c6 3. e3 Nf6 4. Nc3 a6 5. Be2 e6 6. O-O Bd6 7. d4 c5 8. cxd5
exd5 9. dxc5 Bxc5 10. b3 Nc6 11. Bb2 O-O 12. Rc1 Ba7 13. Qc2 Qe7 14. Rfd1 Re8
15. Bf1 Bg4 16. Ne2 Ne4 17. Ned4 Rac8 18. Qb1 Nxd4 19. Bxd4 Bxd4 20. Rxd4 Bxf3
21. Rxc8 Rxc8 22. gxf3 Qg5+ 23. Bg2 Nf6 24. Rd1 Qe5 25. f4 Qh5 26. h3 Qe2 27.
Rc1 Re8 28. Qc2 Qb5 29. Qd2 Ne4 30. Qd4 Qe2 31. Bxe4 dxe4 32. Qxe4 Rf8 33. Rc2
Qd1+ 34. Kg2 h6 35. Rc7 b5 36. Rc6 a5 37. Rc5 Qd2 38. Rxb5 Qxa2 39. Qa4 Qb1 40.
Rxa5 Kh7 41. Qc4 Qg6+ 42. Kh2 Rd8 43. Rd5 Rf8 44. Qd3 f5 45. b4 Rf6 46. Qd1 Ra6
47. b5 Ra2 48. Rd2 Ra5 49. Qb3 Qf6 50. Rd5 Kg6 51. Qd3 Kh7 1-0

[Event "34. Torneo Internacional La Roda"]
[Site "La Roda ESP"]
[Date "2007.04.05"]
[Round "2.4"]
[White "Lorenzo Duran, Marcos"]
[Black "Mirzoev, Azer"]
[Result "0-1"]
[WhiteElo "2204"]
[BlackElo "2535"]
[PlyCount "114"]
[EventDate "2007.04.04"]
[EventType "swiss"]
[EventRounds "9"]
[EventCountry "ESP"]
[Source "lmi"]
[SourceDate "2007.04.04"]

1. e4 c5 2. c3 Nf6 3. e5 Nd5 4. d4 cxd4 5. Nf3 Nc6 6. cxd4 g6 7. Bc4 Nb6 8. Bb3
Bg7 9. a4 a5 10. Qe2 d6 11. h3 O-O 12. O-O Bf5 13. Re1 dxe5 14. dxe5 Nb4 15.
Nc3 Bd3 16. Qd1 Rc8 17. Bf4 Bc4 18. Bxc4 Nxc4 19. Qb3 Nxb2 20. Qxb2 Nd3 21. Qd2
Nxf4 22. Qxf4 Rxc3 23. Rab1 Qc7 24. Rb5 e6 25. Reb1 Rb8 26. Qd2 h6 27. Rxb7
Rxb7 28. Rxb7 Rc1+ 29. Kh2 Bxe5+ 30. Nxe5 Qxe5+ 31. f4 Qc5 32. Rb8+ Kg7 33.
Qb2+ Qc3 34. Qxc3+ Rxc3 35. Rb5 Rc4 36. Rxa5 Rxf4 37. Kg3 g5 38. Ra8 h5 39. a5
h4+ 40. Kh2 Ra4 41. Kg1 Ra2 42. a6 Kf6 43. a7 Kf5 44. Kf1 Kf4 45. Ke1 e5 46.
Kf1 e4 47. Ke1 Ke3 48. Kd1 f5 49. Rf8 Ra1+ 50. Kc2 Rxa7 51. Rxf5 Ra2+ 52. Kd1
Rxg2 53. Ra5 Rg3 54. Rf5 g4 55. hxg4 h3 56. Rh5 Kf3 57. g5 Kg2 0-1

[Event "34. Torneo Internacional La Roda"]
[Site "La Roda ESP"]
[Date "2007.04.05"]
[Round "2.5"]
[White "Paunovic, Dragan"]
[Black "Jimenez Martinez, Jose Vicente"]
[Result "1-0"]
[WhiteElo "2524"]
[BlackElo "2202"]
[PlyCount "134"]
[EventDate "2007.04.04"]
[EventType "swiss"]
[EventRounds "9"]
[EventCountry "ESP"]
[Source "lmi"]
[SourceDate "2007.04.04"]

1. Nf3 g6 2. g3 Bg7 3. d4 Nf6 4. Bg2 O-O 5. c4 d6 6. O-O Nbd7 7. Qc2 c6 8. Nc3
Qc7 9. e4 e5 10. h3 Re8 11. Rd1 a6 12. Be3 b6 13. Rac1 Bb7 14. b4 Rad8 15. d5
c5 16. bxc5 Nxc5 17. Nd2 Bc8 18. Nb3 Bd7 19. Nxc5 bxc5 20. Rb1 Rb8 21. Rb3 Nh5
22. Qe2 Rxb3 23. axb3 Qa5 24. Bd2 Rb8 25. Rb1 Qc7 26. Qd1 Be8 27. Ra1 Qb7 28.
Bf3 Nf6 29. Ra3 Bd7 30. h4 h5 31. Qa1 Bf8 32. Bd1 Bc8 33. Bc2 Qd7 34. Nd1 Qg4
35. Ne3 Qf3 36. Qd1 Qxd1+ 37. Nxd1 Nd7 38. Nb2 Be7 39. f3 Bd8 40. Kg2 Bb6 41.
Nd3 f6 42. Nf2 Kf7 43. g4 hxg4 44. fxg4 Bb7 45. Bd1 Rg8 46. Kf1 Bc8 47. Bf3 Rh8
48. h5 g5 49. Nh1 Kg7 50. Ng3 Nb8 51. Be3 Bd7 52. Be2 Rc8 53. Kg2 Rc7 54. Kf3
Rb7 55. Bd1 Ra7 56. Ra1 a5 57. Ne2 Na6 58. Nc3 Nb4 59. Kg3 Kh6 60. Be2 Kg7 61.
Kf3 Kh6 62. Kg3 Kg7 63. Kg2 Kh6 64. Nb5 Bxb5 65. cxb5 Kg7 66. Kf3 Rc7 67. Kg2
Kh6 1-0

[Event "34. Torneo Internacional La Roda"]
[Site "La Roda ESP"]
[Date "2007.04.05"]
[Round "2.6"]
[White "Llavador Moron, Juan Jose"]
[Black "Lalic, Bogdan"]
[Result "1/2-1/2"]
[WhiteElo "2202"]
[BlackElo "2519"]
[PlyCount "31"]
[EventDate "2007.04.04"]
[EventType "swiss"]
[EventRounds "9"]
[EventCountry "ESP"]
[Source "lmi"]
[SourceDate "2007.04.04"]

1. e4 c6 2. d4 d5 3. Nd2 dxe4 4. Nxe4 Bf5 5. Ng3 Bg6 6. N1e2 e6 7. Nf4 Bd6 8.
Nxg6 hxg6 9. Ne4 Nf6 10. Nxd6+ Qxd6 11. g3 Qd5 12. f3 Nbd7 13. c4 Qa5+ 14. Bd2
Qb6 15. Bc3 c5 16. Qb3 1/2-1/2

[Event "34. Torneo Internacional La Roda"]
[Site "La Roda ESP"]
[Date "2007.04.05"]
[Round "2.7"]
[White "Velicka, Petr"]
[Black "Molina, Jorge"]
[Result "1-0"]
[WhiteElo "2504"]
[BlackElo "2201"]
[PlyCount "69"]
[EventDate "2007.04.04"]
[EventType "swiss"]
[EventRounds "9"]
[EventCountry "ESP"]
[Source "lmi"]
[SourceDate "2007.04.04"]

1. e4 c6 2. d4 d5 3. Nc3 dxe4 4. Nxe4 Bf5 5. Ng3 Bg6 6. h4 h6 7. Nf3 Nd7 8. h5
Bh7 9. Bd3 Bxd3 10. Qxd3 e6 11. Bf4 Qa5+ 12. Bd2 Qc7 13. O-O-O Ngf6 14. Ne4
O-O-O 15. g3 Nxe4 16. Qxe4 Bd6 17. c4 Nf6 18. Qe2 c5 19. Bc3 cxd4 20. Nxd4 a6
21. Kb1 Bc5 22. Nb3 Qc6 23. Bxf6 gxf6 24. g4 Qb6 25. f3 Rhe8 26. Qe4 a5 27. Qc2
Kb8 28. Qc3 a4 29. Nxc5 Qxc5 30. Qxf6 Rxd1+ 31. Rxd1 Qxc4 32. Qxh6 Rc8 33. Qd2
a3 34. Rc1 Qb5 35. Qd6+ 1-0

[Event "34. Torneo Internacional La Roda"]
[Site "La Roda ESP"]
[Date "2007.04.05"]
[Round "2.8"]
[White "Gimeno Higueras, Roberto"]
[Black "Radulski, Julian"]
[Result "0-1"]
[WhiteElo "2198"]
[BlackElo "2485"]
[PlyCount "56"]
[EventDate "2007.04.04"]
[EventType "swiss"]
[EventRounds "9"]
[EventCountry "ESP"]
[Source "lmi"]
[SourceDate "2007.04.04"]

1. e4 e5 2. Nf3 Nc6 3. Bb5 g6 4. Bxc6 dxc6 5. b3 c5 6. Nxe5 Qd4 7. Nc4 Qxe4+ 8.
Ne3 Bg7 9. Nc3 Qc6 10. Qe2 Be6 11. Bb2 Ne7 12. O-O-O O-O-O 13. Kb1 Bd4 14. Rhe1
a6 15. f3 Rhe8 16. Ne4 Nd5 17. Nxd5 Bxd5 18. Bxd4 cxd4 19. Qd3 f5 20. Ng5 Qf6
21. Nh3 Bc6 22. a4 Qd6 23. g3 Qb4 24. Ng5 Bxa4 25. Nxh7 Bb5 26. c4 Rxe1 27.
Rxe1 Ba4 28. Kc2 Bxb3+ 0-1